The Business of Travel Agency and Tour Operations / (Record no. 590442)

000 -LEADER
fixed length control field 00372nam a22001337a 4500
020 ## - INTERNATIONAL STANDARD BOOK NUMBER
International Standard Book Number 9781639875238
082 ## - DEWEY DECIMAL CLASSIFICATION NUMBER
Classification number 338.4791
Author Mark BRY
100 ## - MAIN ENTRY--PERSONAL NAME
Personal name Bryant, Tim
245 ## - TITLE STATEMENT
Title The Business of Travel Agency and Tour Operations /
Statement of responsibility, etc. Tim Bryant
260 ## - PUBLICATION, DISTRIBUTION, ETC.
Place of publication, distribution, etc. New York :
Name of publisher, distributor, etc. Murphy & Moore Publishing,
Date of publication, distribution, etc. 2021.
300 ## - PHYSICAL DESCRIPTION
Extent 235 p. ;
Dimensions 26 cm.
563 ## - BINDING INFORMATION
Binding note HBK.
942 ## - ADDED ENTRY ELEMENTS (KOHA)
Source of classification or shelving scheme
Koha item type Book
Holdings
Withdrawn status Lost status Source of classification or shelving scheme Damaged status Not for loan Permanent Location Current Location Date acquired Source of acquisition Total Checkouts Full call number Barcode Date last seen Price effective from Koha item type
          Central Library (CL) Central Library (CL) 07/21/2022 Allied Books   338.4791 BRY CL-1136 07/25/2022 07/21/2022 Book
© 2023 Central Library, National University of Sciences and Technology. All Rights Reserved.